00366nam a2200145Ia 450000500170000000800410001704000190005804100120007708200160008910000170010524500350012226000410015730000120019885000100021020230328091056.0131103s9999 xx 000 0 und d aLoreto College aEnglish a822.91bSHA aShaw,Bernard aPlays pleasant cBernard Shaw aHarmounds WorthbPenguin Booksc1966 a318 p.  aLCLIB